MARC details
| 000 -CABECERA |
| campo de control de longitud fija |
01581nam a2200325 a 4500 |
| 003 - IDENTIFICADOR DEL NÚMERO DE CONTROL |
| campo de control |
Mxchpua |
| 005 - FECHA Y HORA DE LA ÚLTIMA TRANSACCIÓN |
| campo de control |
20240820100730.0 |
| 007 - CAMPO FIJO DE DESCRIPCIÓN FÍSICA--INFORMACIÓN GENERAL |
| campo de control de longitud fija |
ta |
| 008 - DATOS DE LONGITUD FIJA--INFORMACIÓN GENERAL |
| campo de control de longitud fija |
240523s2023 mx abdofr|||| 001 0 spa d |
| 040 ## - FUENTE DE LA CATALOGACIÓN |
| Centro catalogador/agencia de origen |
mxchpua |
| 090 ## - LOCALMENTE ASIGNADO TIPO-LC NÚMERO DE CLASIFICACIÓN (OCLC); NÚMERO DE CLASIFICACIÓN LOCAL (RLIN) |
| Número de clasificación (OCLC) (R) ; Numero de clasificación, CALL (RLIN) (NR) |
T.C.915 |
| Número cutter local (OCLC) ; Número de libro/Signatura topográfica íntegra, CALL (RLIN) |
V55 SAI |
| Año |
2023 |
| 245 10 - MENCIÓN DE TÍTULO |
| Título |
Sistema agroindustrial agave - mezcal en Oaxaca / |
| Mención de responsabilidad, etc. |
coordinador Abraham Villegas de Gante ; colaboradores Michelle García Espinobarro...[y otros] |
| 260 ## - PUBLICACIÓN, DISTRIBUCIÓN, ETC. |
| Lugar de publicación, distribución, etc. |
México : |
| Nombre del editor, distribuidor, etc. |
El autor, |
| Fecha de publicación, distribución, etc. |
2023 |
| 300 ## - DESCRIPCIÓN FÍSICA |
| Extensión |
146 páginas : |
| Otras características físicas |
ilustraciones, mapas, gráficas, diagramas, tablas, fotos + |
| Material acompañante/anejo |
1 CD-ROM |
| 336 ## - TIPO DE CONTENIDO |
| Fuente |
rdacontent |
| Término de tipo de contenido |
texto |
| Código de tipo de contenido |
txt |
| 337 ## - TIPO DE MEDIO |
| Fuente |
rdamedia |
| Nombre/término del tipo de medio |
no mediado |
| Código del tipo de medio |
n |
| 338 ## - TIPO DE SOPORTE |
| Fuente |
rdacarrier |
| Nombre/término del tipo de soporte |
volumen |
| Código del tipo de soporte |
nc |
| 500 ## - NOTA GENERAL |
| Nota general |
Grado 6° Grupo 1 |
| 502 ## - NOTA DE TESIS |
| Nota de tesis |
Viaje de Estudios |
| Tipo de título |
(SAI) -- |
| Nombre de la institución que otorga el título |
UACh. Departamento de Ingeniería Agroindustrial, |
| Año de obtención del título |
2023 |
| 504 ## - NOTA DE BIBLIOGRAFÍA, ETC. |
| Nota de bibliografía, etc. |
Bibliografía: páginas 141-146 |
| 505 0# - NOTA DE CONTENIDO CON FORMATO |
| Nota de contenido con formato |
Visitas: -- |
| Título |
1. Palenque “Real Matlatl” --<br/>2. Mezcalería “Mal de Amor” --<br/>3. Palenque “Dios nunca muere” --<br/>4. “Palenque “El Sabinito” |
| 650 17 - PUNTO DE ACCESO ADICIONAL DE MATERIA--TÉRMINO DE MATERIA |
| 9 (RLIN) |
1069 |
| Término de materia o nombre geográfico como elemento de entrada |
Agave |
| Subdivisión geográfica |
México |
| -- |
Oaxaca |
| 650 10 - PUNTO DE ACCESO ADICIONAL DE MATERIA--TÉRMINO DE MATERIA |
| Término de materia o nombre geográfico como elemento de entrada |
Alcoholes etílicos |
| Subdivisión geográfica |
México |
| -- |
Oaxaca |
| 9 (RLIN) |
163436 |
| 650 12 - PUNTO DE ACCESO ADICIONAL DE MATERIA--TÉRMINO DE MATERIA |
| 9 (RLIN) |
131929 |
| Término de materia o nombre geográfico como elemento de entrada |
Mezcal artesanal |
| Subdivisión general |
Denominación de origen protegida |
| Subdivisión geográfica |
México |
| -- |
Oaxaca |
| 650 13 - PUNTO DE ACCESO ADICIONAL DE MATERIA--TÉRMINO DE MATERIA |
| 9 (RLIN) |
148015 |
| Término de materia o nombre geográfico como elemento de entrada |
Distilled spirits |
| Subdivisión geográfica |
Mexico |
| -- |
Oaxaca |
| 650 13 - PUNTO DE ACCESO ADICIONAL DE MATERIA--TÉRMINO DE MATERIA |
| 9 (RLIN) |
189108 |
| Término de materia o nombre geográfico como elemento de entrada |
Artisan mezcal |
| Subdivisión general |
Protected designation of origin |
| Subdivisión geográfica |
Mexico |
| -- |
Oaxaca |
| 700 1# - PUNTO DE ACCESO ADICIONAL--NOMBRE DE PERSONA |
| 9 (RLIN) |
185141 |
| Nombre de persona |
Villegas de Gante, Abraham Zacarias |
| Término indicativo de función/relación |
coordinador |
| 700 1# - PUNTO DE ACCESO ADICIONAL--NOMBRE DE PERSONA |
| 9 (RLIN) |
189109 |
| Nombre de persona |
García Espinobarro, Michelle |
| 856 41 - LOCALIZACIÓN Y ACCESO ELECTRÓNICOS |
| Identificador Uniforme del Recurso |
<a href="http://10.13.5.2/ve/TC915_SAI/TC915_SAI_2023-REPORTE.pdf">http://10.13.5.2/ve/TC915_SAI/TC915_SAI_2023-REPORTE.pdf</a> |
| Texto de enlace |
DESCARGAR REPORTE |